The Practitioner's Guide to the Alienation of Land Act / (Record no. 345)

MARC details
000 -LEADER
fixed length control field 00561nam a22001697a 4500
005 - DATE AND TIME OF INPUT
control field 20231107072219.0
008 - DATA ELEMENTS--GENERAL INFORMATION
fixed length control field 231107b |||||||| |||| 00| 0 eng d
020 ## - INTERNATIONAL STANDARD BOOK NUMBER
International Standard Book Number 0409060593
041 ## - LANGUAGE CODE
Language code of text English
082 ## - SHELF NUMBER
DDC number 346.43
100 ## - MAIN AUTHOR
Main author's name Van Rensburg, ADJ and Treisman, SH
Language of a work English
245 ## - TITLE STATEMENT
Title The Practitioner's Guide to the Alienation of Land Act /
Statement of responsibility, etc. ADJ Van Rensburg and SH Treisman
260 ## - PUBLICATION, DISTRIBUTION, ETC.
Place of publication, distribution, etc. Durban :
Name of publisher, distributor, etc. Butterworths,
Date of publication, distribution, etc. 1982
300 ## - PHYSICAL DESCRIPTION
Other physical details xix, 332 pages ;
Dimensions 22 cm.
650 ## - SUBJECT`
Broad subject Legal practice
Own subject terms Law
942 ## - ADDED ENTRY ELEMENTS (KOHA)
Item type Books
942 ## - ADDED ENTRY ELEMENTS (KOHA)
-- ALISON_BN_VRIES
Holdings
Source of classification or shelving scheme Not for loan Collection code Home library Current library Shelving location Date acquired Full call number Barcode Price effective from Koha item type
Dewey Decimal Classification   TEXT BOOKS LAW SOCIETY OF NAMIBIA LIBRARY - WINDHOEK LAW SOCIETY OF NAMIBIA LIBRARY - WINDHOEK Property law 11/07/2023 346.43 VAN LSN/1986/83 11/07/2023 Books